| 000 | 01736nam a2200301 4500 | ||
|---|---|---|---|
| 001 | 415 | ||
| 003 | OSt | ||
| 005 | 20250527144435.0 | ||
| 008 | 250519b |||||||g |||| 00| 1 eng d | ||
| 020 | _a9788573129571 | ||
| 040 | _bpor | ||
| 041 | _hpor | ||
| 082 |
_a158.1 _bC238m |
||
| 100 |
_aCapelas, Heloísa _d1957- _9890 |
||
| 245 |
_aO Mapa da felicidade: _bAs coordenadas para curar a sua vida e nunca mais olhar para trás / _cCapelas, Heloísa |
||
| 260 |
_aSão Palo _bEditora Gente _c2014 |
||
| 300 | _a239 p. | ||
| 520 | _aConforme os anos passam, parece que acreditar no conceito de felicidade fica cada vez mais difícil. Afinal, o que vem a ser a felicidade em si? Ter muito dinheiro, um carro do ano, um bom casamento e filhos tranquilos? Vamos, então, à pergunta que não escolhe época, cor e nem classe social: o que nos proporciona uma felicidade sólida e duradoura? Depois de décadas ensinando pessoas do Brasil inteiro a promover revoluções em seus comportamentos por meio do autoconhecimento, Heloísa Capelas escreveu a obra que lhe fará passar pelo caminho da descoberta sobre você mesmo, auxiliando a encarar seus problemas em busca de respostas e a obter sucesso em suas realizações. Neste mapa, a principal pergunta que ela faz a você é: qual é a sua verdade e por que você acorda todos os dias? Aceite este convite e entre de cabeça na jornada que transformará sua vida para sempre. | ||
| 650 | 0 |
_aLiteratura Brasileira _9205 |
|
| 650 | 0 |
_aAutoajuda _9755 |
|
| 650 | 0 |
_aFelicidade _9891 |
|
| 650 | 0 |
_aAuto Conhecimento _919 |
|
| 650 | 0 |
_aRealização pessoal _9892 |
|
| 650 | 0 |
_aConduta de vida _9893 |
|
| 655 | 0 |
_aRomance _923 |
|
| 655 | 0 |
_aNão Ficção _9102 |
|
| 942 |
_2ddc _n0 _cBK |
||
| 999 |
_c415 _d415 |
||